000 00410nam a2200169Ia 4500
008 230524s9999 xx 000 0 und d
020 _a9788120329133
082 _a4.62
_bPAN
100 _aAndrew S.Tanenbaum
245 0 _aStructured Computer Organisation
250 _a5TH
260 _aNEW DELHI
_bPHI
_c2006
300 _aXVII;757
500 _aQuantity Number: 34
650 _aComp-Sc
942 _cBK
999 _c24292
_d24292